Riconosci il Calciatore - Quiz n°1083 - Statistics

Statistiche generali
  • Questo quiz è stato fatto 5 volte
  • Il punteggio medio è 6 su 18
Statistiche sulle risposte
Indizio Risposta % Corretto
Nazionalità 170 cm
100%
Altezza 693 kg
100%
Ruolo Centrocampista / Attaccante
100%
Data di nascita 28/04/1988
60%
Peso Real Madrid Castilla 2006-2007
40%
Squadra di club 1 Valencia 2007-2011
40%
Presenze nei club 652
20%
Squadra di club 2 Chelsea 2011-2014
20%
Trofei per club Coppa di Spagna: 1
Valencia: 2007-2008
Coppa d'Inghilterra: 2
Chelsea: 2011-2012
Manchester Utd: 2015-2016
Community Shield: 1
Manchester Utd: 2016
Coppa di Lega inglese: 1
Manchester Utd: 2016-2017
Campionato turco: 1
Galatasaray: 2022-2023
Campionato giapponese: 1
Vissel Kōbe: 2023
UEFA Champions League: 1
Chelsea: 2011-2012
UEFA Europa League: 2
Chelsea: 2012-2013
Manchester Utd: 2016-2017
20%
Squadra di club 3 Manchester United 2014-2022
20%
Trofei individuali Miglior giocatore dell'Europeo Under-21: 1
Danimarca 2011
Inserito nella selezione UEFA dell'Europeo Under-21: 1
Danimarca 2011
Squadra dell'anno della PFA: 1
2013
20%
Squadra di club 5 Vissel Kōbe 2023-2024
20%
Gol in nazionale 11
0%
Gol nei club 143
0%
Presenze in nazionale 42
0%
Trofei per nazionali Campionato d'Europa Under-19: 1 Polonia 2006 Campionato d'Europa Under-21: 1 2011 Campionato mondiale: 1 Sudafrica 2010 Campionato d'Europa: 1 Polonia-Ucraina 2012
0%
Squadra di club 4 Galatasaray 2022-2023
0%
Calciatore Juan Mata
0%
Nessun quiz corrispondente trovato
Distribuzione punteggi
Percentuale di utenti per punteggio
Percentile per numero di risposta
I tuoi punteggi nel tempo
Non hai fatto questo quiz